000 00524nam a2200193Ia 4500
005 20250326142321.0
008 250326s9999 xx 000 0 und d
037 _aTextbook
040 _aFMSL
_beng
_cFMSL
041 _aeng
_2eng
084 _aT48 N5
_qFMSL
100 _aKothari C R
245 0 _aResearch methodology methods & technique
_cKothari C R
250 _aEd 2
260 _aNew Delhi
_bNew Delhi, Wishwa Prakashan
_c1995
300 _a480p
942 _cTB
_hT48 N5
999 _c1294451
_d1294451